Fundamentals of Database Management Systems (Record no. 1971)

MARC details
000 -LEADER
Fixed length control field 00459nam a2200169 4500
003 - CONTROL NUMBER IDENTIFIER
Control field SEACOMEC
005 - DATE AND TIME OF LATEST TRANSACTION
Control field 20250927122412.0
008 - FIXED-LENGTH DATA ELEMENTS--GENERAL INFORMATION
Fixed length control field 250125b |||||||| |||| 00| 0 eng d
020 ## - INTERNATIONAL STANDARD BOOK NUMBER / ISBN
International Standard Book Number 978-8182090293
Price 300.00
040 ## - CATALOGING SOURCE
Original cataloging agency SEACOMEC
082 ## - DEWEY DECIMAL CLASSIFICATION NUMBER
Classification number 005.74
Book Number L579
100 ## - MAIN ENTRY--PERSONAL NAME
Personal name Alexis ,Leon
245 ## - TITLE STATEMENT
Title Fundamentals of Database Management Systems
Statement of responsibility Leon Alexis and Leon Mathews
260 ## - IMPRINT
Place of publication U.P
Name of publisher McGraw Hill
Date of publication 2006
700 ## - ADDED ENTRY--PERSONAL NAME
Personal name Mathews, Leon
942 ## - ADDED ENTRY ELEMENTS (KOHA)
Koha item type Books
Holdings
Withdrawn status Lost status Source of classification Damaged status Not for loan Home library Current library Date acquired Total Checkouts Call number Accession number Date last seen Price effective from Koha item type Checked out Date checked out Copy number
    Dewey Decimal Classification     SEACOM ENGINEERING COLLEGE SEACOM ENGINEERING COLLEGE 29/07/2008   005.74 L579 12347 25/01/2025 25/01/2025 Books      
    Dewey Decimal Classification     SEACOM ENGINEERING COLLEGE SEACOM ENGINEERING COLLEGE 29/07/2008 1 005.74 L579 12348 13/04/2026 25/01/2025 Books 27/04/2026 13/04/2026 1
    Dewey Decimal Classification     SEACOM ENGINEERING COLLEGE SEACOM ENGINEERING COLLEGE 29/07/2008   005.74 L579 12349 25/01/2025 25/01/2025 Books     2
    Dewey Decimal Classification     SEACOM ENGINEERING COLLEGE SEACOM ENGINEERING COLLEGE 29/07/2008   005.74 L579 12350 25/01/2025 25/01/2025 Books     3
    Dewey Decimal Classification     SEACOM ENGINEERING COLLEGE SEACOM ENGINEERING COLLEGE 29/07/2008   005.74 L579 12351 25/01/2025 25/01/2025 Books     4
    Dewey Decimal Classification     SEACOM ENGINEERING COLLEGE SEACOM ENGINEERING COLLEGE 29/07/2008   005.74 L579 12352 25/01/2025 25/01/2025 Books     5
    Dewey Decimal Classification     SEACOM ENGINEERING COLLEGE SEACOM ENGINEERING COLLEGE 29/07/2008   005.74 L579 12353 25/01/2025 25/01/2025 Books     6
    Dewey Decimal Classification     SEACOM ENGINEERING COLLEGE SEACOM ENGINEERING COLLEGE 29/07/2008   005.74 L579 12354 25/01/2025 25/01/2025 Books     7
    Dewey Decimal Classification     SEACOM ENGINEERING COLLEGE SEACOM ENGINEERING COLLEGE 29/07/2008   005.74 L579 12355 25/01/2025 25/01/2025 Books     8
    Dewey Decimal Classification     SEACOM ENGINEERING COLLEGE SEACOM ENGINEERING COLLEGE 29/07/2008   005.74 L579 12356 25/01/2025 25/01/2025 Books     9
    Dewey Decimal Classification     SEACOM ENGINEERING COLLEGE SEACOM ENGINEERING COLLEGE 11/11/2010   005.74 L579 17746 25/01/2025 25/01/2025 Books     10
    Dewey Decimal Classification     SEACOM ENGINEERING COLLEGE SEACOM ENGINEERING COLLEGE 11/11/2010   005.74 L579 17747 25/01/2025 25/01/2025 Books     11
    Dewey Decimal Classification     SEACOM ENGINEERING COLLEGE SEACOM ENGINEERING COLLEGE 11/11/2010   005.74 L579 17748 25/01/2025 25/01/2025 Books     12
    Dewey Decimal Classification     SEACOM ENGINEERING COLLEGE SEACOM ENGINEERING COLLEGE 11/11/2010   005.74 L579 17749 25/01/2025 25/01/2025 Books     13
© Seacom Engineering College, All rights reserved.      Powered by Koha